A SELECTION of Nigerian folktales: themes and settings/
Saved in:
| Format: | Book |
|---|---|
| Language: | English |
| Published: |
Klamidas Communications
2018
|
| Tags: |
Add Tag
No Tags, Be the first to tag this record!
|
MARC
| LEADER | 00000nam a22000007a 4500 | ||
|---|---|---|---|
| 008 | 210903b ||||| |||| 00| 0 eng d | ||
| 020 | |a 978-978-52656-1-3 | ||
| 245 | |a A SELECTION of Nigerian folktales: |b themes and settings/ |c Bukar Usman |g 787p. | ||
| 250 | |c Bukar Usman | ||
| 260 | |b Klamidas Communications |c 2018 |h Nigeria: |i 695879 – Arts. |i 695880 |l PZ8 .Se4 |m Tales Nigeria. |m Folklore – Nigeria. |m Usman, Bukar. | ||
| 500 | |a “It includes index” | ||
| 942 | |a lcc |c BK |e j. o. ifatola |f 03; 09/ 2021 | ||
| 952 | |0 0 |1 0 |2 lcc |4 0 |6 PZ0008 S E4 |7 0 |9 3360 |a HOL |b HOL |c LP |d 2021-09-03 |l 0 |o PZ8 .Se4 |p 2021-67070 |r 2021-09-03 00:00:00 |w 2021-09-03 |y BK | ||
| 952 | |0 0 |1 0 |2 lcc |4 0 |6 PZ0008 S E4 |7 0 |9 3361 |a ART |b HOL |c LP |d 2021-09-03 |l 0 |o PZ8 .Se4 |p 2021-67071 |r 2021-09-03 00:00:00 |w 2021-09-03 |y BK | ||
| 999 | |c 1673 |d 1673 | ||